| 000 | 00346nam a22001217a 4500 | ||
|---|---|---|---|
| 008 | 230621b xxu||||| |||| 00| 0 eng d | ||
| 082 |
_a328 _bHOC |
||
| 110 | _bOffice of the Houses of the oireachtas | ||
| 245 | _aAn Action Plan for eparliament in the Houses of the Oireachats | ||
| 260 |
_bHOC _cseptember 2002 |
||
| 300 | _a100p | ||
| 942 |
_2ddc _cBK |
||
| 999 |
_c2001 _d2001 |
||